| 000 | 01115nam a2200265 a 4500 | ||
|---|---|---|---|
| 001 | BRCA_6397 | ||
| 005 | 20190320205434.0 | ||
| 008 | 030911s2010----mx-a######---#000-0#spa-# | ||
| 041 | _aspa | ||
| 044 | _amx | ||
| 050 | 4 |
_aND2644 _b.L67 2010 |
|
| 100 | 1 |
_aLópez Orozco, Leticia _915998 |
|
| 245 | 1 | 0 |
_aEscenas de la Independencia y la Revolución en el muralismo mexicano _cLeticia López Orozco ; Alberto Híjar Serrano, Guillermina Guadarrama Peña, Mauricio César Ramírez Sánchez. |
| 260 |
_aMéxico _bComité de Asuntos Editoriales de la Asamblea Legislativa del Distrito Federal V Legislatura _c2010 |
||
| 300 |
_a349 p. _bil. (algunas a color) _c36 cm. |
||
| 500 | _aIncluye biografías de artistas | ||
| 504 | _aBibliografía: p. 345-347 | ||
| 650 | 1 | 4 |
_aPintura mural mexicana _ySiglo XIX-XX _915999 |
| 651 | 4 |
_aMéxico _xHistoria _yIndependencia, 1810-1821 _916000 |
|
| 651 | 4 |
_aMéxico _xHistoria _yRevolución, 1910-1920 _94975 |
|
| 700 | 1 |
_aHíjar Serrano, Alberto _93509 |
|
| 700 | 1 |
_aGuadarrama Peña, Guillermina _916001 |
|
| 700 | 1 |
_aRamírez Sánchez, Mauricio César _916002 |
|
| 942 |
_2lcc _cB |
||
| 999 |
_c6082 _d6082 |
||